000 01431cam a2200241 4500
001 L138591
008 070220n2007 000 0 eng u
035 _a(Sirsi) u138591
041 0 _aeng
050 _a332.6324 $2 18
110 2 _aGVA Grimley
_93646
245 0 0 _aCBI/GVA Grimley survey of property trends
_bsummer 2007
_h[electronic resource]
260 _aLondon
_bGVA Grimley
_c2007
490 0 _aCBI/GVA Grimley Survey of Property Trends
505 _aOverview -- Underlying property demand -- Changes to property occupied -- Drivers for portfolio change -- Limits on property related capital expenditure
520 _aSix-monthly survey of private companies in all sectors of the economy. Reports steady overall occupier demand for commercial property over the six month period. Suggests that overall demand for commercial property will strengthen modestly within the coming six months. Expects greater demand in the office sector, but some weakening in the industrial, retail and warehousing sectors.
590 _aKA NTK
650 2 4 _aCBI/GVA GRIMLEY SURVEY OF PROPERTY TRENDS
651 4 _aUnited Kingdom
_y
690 _aPROPERTY-COMMERCIAL PROPERTY-COMMERCIAL PROPERTY MARKET
856 4 0 _uhttps://www.gvagrimley.co.uk/Documents/corporate%20consultancy/CBI%20GVAG%20Surveys/2007%20Summer%20CBI%20Survey%20of%20Property%20Trends.pdf
_zView the report free of charge at www.gvagrimley.co.uk...
942 _n0
999 _c107211
_d107211